00722nam a2200301Ia 4500008004000000020001800040041000800058082001500066100002000081245010800101260003200209300001100241440000700252650000900259650001200268650001200280650000700292650001300299650001300312650001000325650000900335650001000344650001600354650001500370650000900385650000800394700001800402210210b2014 xxu||||| |||| 00| 0 eng d a9788130917986 aeng a502.8 WALV aWALKER (Pamela) aViva facts on file science experiments library: human bodybLearning through experiments and experience aNew DelhibViva booksc2014 axx,160 a12 aViva athrough ascience aon alibrary: aLearning ahuman afile afacts aexperiments aexperience abody aand aWOOD (Elaine)